Identifying growth poles in the EU28 region - where does Ukraine stand?

Uložené v:
Podrobná bibliografia
Hlavný autor: Kotlebová, Jana, 1969-
Ďalší autori: Širaňová, Mária
Médium: Kapitola
Jazyk:English
Predmet:
Tagy: Pridať tag
Žiadne tagy, Buďte prvý, kto otaguje tento záznam!

MARC

LEADER 00000nla a2200000 4500
001 0185213
005 20240502073156.4
041 0 |a eng 
044 |a SK 
245 1 0 |a Identifying growth poles in the EU28 region - where does Ukraine stand?  |c Jana Kotlebová, Mária Širaňová 
610 2 0 |a rozvoj regionálny 
610 2 0 |a rast hospodársky 
610 2 0 |a kríza hospodárska 
610 2 0 |a spolupráca hospodárska medzinárodná 
610 2 0 |a Európska únia 
610 2 0 |a Ukrajina 
100 1 |a Kotlebová, Jana, 1969- 
700 1 |a Širaňová, Mária